000 00536nam a22001937a 4500
008 150604b xxu||||| |||| 00| 0 eng d
020 _a9780071772853
041 0 _aeng
080 _a510
100 1 _aMuschla, Gary Robert.
245 1 0 _aMultiplication and division /
_cJudith A. Muschla and Gary Robert Muschla.
260 _aNew York :
_bMcGraw-Hill,
_cc2012.
300 _a177 f. ;
_c28 cm.
490 0 _aPractice makes perfect
650 0 _aMultiplikim
650 0 _aPjesëtim
700 1 _aMuschla, Judith A.
942 _2udc
_cBK
999 _c982
_d982